[Event "Mistrzostwa Polski Seniorow oraz Osob Ni"]
[Site "WZW "]
[Date "2013.10.02"]
[Round "4.1"]
[White "Kawula, Andrzej"]
[Black "Kosny, Marek"]
[Result "1-0"]
[WhiteElo "1990"]
[BlackElo "1961"]
[PlyCount "59"]
[EventDate "2013.??.??"]

1. c4 c5 2. Nc3 Nc6 3. g3 g6 4. Bg2 Bg7 5. e4 Nf6 6. f4 d6 7. Nf3 O-O 8. d3 Bg4
9. h3 Bd7 10. Be3 Rb8 11. Qd2 a6 12. O-O b5 13. cxb5 axb5 14. e5 Ne8 15. exd6
exd6 16. d4 b4 17. Ne2 c4 18. d5 Ne7 19. Bd4 Nf6 20. Ng5 Bf5 21. Rfe1 h6 22.
Bxf6 Bxf6 23. Ne4 Bg7 24. Kh2 Qb6 25. Rf1 h5 26. Rad1 Rfc8 27. Qe1 Bxe4 28.
Bxe4 Bxb2 29. f5 Qe3 30. Bc2 1-0

[Event "Mistrzostwa Polski Seniorow oraz Osob Ni"]
[Site "WZW "]
[Date "2013.10.02"]
[Round "4.2"]
[White "Gasik, Piotr"]
[Black "Kaczorowski, Piotr"]
[Result "1-0"]
[WhiteElo "2143"]
[BlackElo "2063"]
[PlyCount "47"]
[EventDate "2013.??.??"]

1. c4 Nf6 2. Nf3 g6 3. Nc3 Bg7 4. d4 d5 5. e3 O-O 6. Qb3 dxc4 7. Bxc4 Nc6 8.
Be2 b6 9. O-O Be6 10. Qd1 Na5 11. Ng5 Bc4 12. Bxc4 Nxc4 13. Qe2 Nd6 14. e4 h6
15. Nf3 Nh7 16. Rd1 e6 17. Bf4 Re8 18. Rac1 Nf8 19. e5 Nb7 20. Qe4 Qb8 21. b4
Nd8 22. Nb5 Re7 23. Nxc7 Rxc7 24. Rxc7 1-0

[Event "Mistrzostwa Polski Seniorow oraz Osob Ni"]
[Site "WZW "]
[Date "2013.10.02"]
[Round "4.3"]
[White "Lada, Ireneusz"]
[Black "Santura, Janusz"]
[Result "1-0"]
[WhiteElo "1933"]
[BlackElo "1807"]
[PlyCount "47"]
[EventDate "2013.??.??"]

1. c4 c6 2. Nf3 d5 3. Qc2 e6 4. g3 Nf6 5. Bg2 Nbd7 6. O-O Be7 7. d3 O-O 8. Nc3
b6 9. e4 Bb7 10. Bf4 c5 11. cxd5 exd5 12. e5 Ne8 13. Rfe1 Nc7 14. Rad1 Re8 15.
g4 Nf8 16. Bg3 Qd7 17. h3 Nfe6 18. d4 c4 19. Nh2 Rac8 20. Nf1 Ng5 21. Qf5 Rcd8
22. Ne3 Bb4 23. Re2 Bxc3 24. bxc3 1-0

[Event "Mistrzostwa Polski Seniorow oraz Osob Ni"]
[Site "WZW "]
[Date "2013.10.02"]
[Round "4.4"]
[White "Niecko, Stanislaw"]
[Black "Muc, Zbigniew"]
[Result "1-0"]
[WhiteElo "1817"]
[BlackElo "1743"]
[PlyCount "80"]
[EventDate "2013.??.??"]

1. c4 e5 2. Nc3 Nf6 3. Nf3 Nc6 4. e4 Bb4 5. Qc2 d6 6. d3 O-O 7. g3 h6 8. Bg2 a5
9. O-O Bc5 10. a3 Bg4 11. h3 Bxf3 12. Bxf3 Nd4 13. Qd1 Nxf3+ 14. Qxf3 Nh7 15.
Be3 Ng5 16. Qg4 Bxe3 17. fxe3 c6 18. h4 Nh7 19. Kh2 Nf6 20. Qf3 h5 21. Rae1 Qb6
22. Nd1 Qb3 23. Qe2 Ng4+ 24. Kh3 b5 25. cxb5 cxb5 26. Nf2 Nf6 27. Rc1 Rac8 28.
Kg2 b4 29. axb4 Qxb4 30. Kh3 Qb5 31. Kg2 Rb8 32. Rc2 Rb7 33. Rfc1 Qd7 34. Qd2
Ra8 35. Nd1 g6 36. Nc3 Qe6 37. Nd1 Nd7 38. Rc8+ Rxc8 39. Rxc8+ Nf8 40. Ra8 Qb3
1-0

[Event "Mistrzostwa Polski Seniorow oraz Osob Ni"]
[Site "WZW "]
[Date "2013.10.02"]
[Round "4.5"]
[White "Hucz, Alfred"]
[Black "Rychlik, Bogdan"]
[Result "0-1"]
[WhiteElo "2031"]
[BlackElo "1780"]
[PlyCount "60"]
[EventDate "2013.??.??"]

1. e4 c5 2. Nf3 a6 3. Nc3 Nc6 4. d4 cxd4 5. Nxd4 e6 6. Nxc6 bxc6 7. Bd3 Bb4 8.
O-O Nf6 9. Bg5 h6 10. Bh4 Be7 11. e5 Nd5 12. Bxe7 Qxe7 13. Ne4 O-O 14. c4 Nf4
15. c5 a5 16. Bc4 Ba6 17. Bxa6 Rxa6 18. g3 Nd5 19. Qe2 Ra7 20. Nd6 f6 21. Rab1
a4 22. Rbc1 fxe5 23. Qxe5 Nb4 24. Qe3 Nd5 25. Qd4 Qg5 26. h4 Qg6 27. Qe4 Qf6
28. Rc2 Rb8 29. Rc4 Rxb2 30. Rxa4 Nc3 0-1

[Event "Mistrzostwa Polski Seniorow oraz Osob Ni"]
[Site "WZW "]
[Date "2013.10.02"]
[Round "4.6"]
[White "Rusin, Ryszard"]
[Black "Wojcieszyn, Zdzislaw"]
[Result "0-1"]
[WhiteElo "1898"]
[BlackElo "2005"]
[PlyCount "29"]
[EventDate "2013.??.??"]

1. d4 d5 2. c4 c6 3. cxd5 cxd5 4. Nc3 Nc6 5. Nf3 Nf6 6. e3 e6 7. a3 Be7 8. Bd3
O-O 9. O-O a6 10. b4 Bd7 11. Bd2 Rc8 12. Rc1 b5 13. Qe2 Qb6 14. h3 Bd6 15. e4
0-1

[Event "Mistrzostwa Polski Seniorow oraz Osob Ni"]
[Site "WZW "]
[Date "2013.10.02"]
[Round "4.7"]
[White "Majewski, Stanislaw"]
[Black "Nowak, Adam"]
[Result "1-0"]
[WhiteElo "1842"]
[BlackElo "1399"]
[PlyCount "48"]
[EventDate "2013.??.??"]

1. e4 d6 2. d4 Nf6 3. Bd3 e5 4. c3 d5 5. exd5 Qxd5 6. f3 Be6 7. dxe5 Qxe5+ 8.
Qe2 Nbd7 9. Qxe5 Nxe5 10. Bc2 Bc5 11. Ne2 O-O-O 12. Nd2 Nd3+ 13. Bxd3 Rxd3 14.
Nb3 Bxb3 15. axb3 Re8 16. Rf1 a6 17. Ra4 Be3 18. Bxe3 Rdxe3 19. Rf2 Rd8 20. Ra1
Red3 21. Nd4 c5 22. Ke2 R8xd4 23. cxd4 Rxd4 24. Rc1 Rb4 1-0

[Event "Mistrzostwa Polski Seniorow oraz Osob Ni"]
[Site "WZW "]
[Date "2013.10.02"]
[Round "4.8"]
[White "Grabarczyk, Edmund"]
[Black "Solek, Zenon"]
[Result "0-1"]
[WhiteElo "1394"]
[BlackElo "1820"]
[PlyCount "72"]
[EventDate "2013.??.??"]

1. e4 c5 2. Nf3 e6 3. d4 cxd4 4. Nxd4 a6 5. Nc3 Qc7 6. Be3 Nf6 7. f3 b5 8. Qd2
Bb7 9. g4 h6 10. a3 Nc6 11. O-O-O Rc8 12. h4 Nxd4 13. Bxd4 e5 14. Be3 Bxa3 15.
g5 hxg5 16. Bxg5 Qxc3 17. Qxc3 Rxc3 18. bxa3 Rxf3 19. Bxf6 gxf6 20. Bh3 Bc6 21.
Kb2 Ke7 22. Bf5 Rxf5 23. exf5 Bxh1 24. Rxh1 Rh5 25. Kb3 Rxf5 26. h5 Kf8 27. h6
Kg8 28. Rg1+ Kh7 29. Rg7+ Kxh6 30. Rxf7 Rf3+ 31. c3 d5 32. Kb4 Kg6 33. Rd7 Rf4+
34. Kb3 d4 35. cxd4 Rxd4 36. Ra7 Ra4 0-1

[Event "Mistrzostwa Polski Seniorow oraz Osob Ni"]
[Site "WZW "]
[Date "2013.10.02"]
[Round "4.9"]
[White "Feliksinski, Tadeusz"]
[Black "Duda, Henryk"]
[Result "0-1"]
[WhiteElo "1713"]
[BlackElo "1341"]
[PlyCount "70"]
[EventDate "2013.??.??"]

1. e4 c5 2. Nf3 d6 3. d4 cxd4 4. Nxd4 Nf6 5. Nc3 a6 6. Bg5 e6 7. Be2 b5 8. Bf3
Ra7 9. O-O Nbd7 10. Nc6 Qc7 11. Nxa7 Qxa7 12. Be3 Qc7 13. Qd2 Bb7 14. a3 Be7
15. Rad1 O-O 16. Bg5 Ne5 17. Bxf6 Nc4 18. Qc1 Bxf6 19. Rd3 Nxa3 20. Nd5 exd5
21. Rxa3 dxe4 22. Bd1 Rc8 23. Rh3 h6 24. c3 b4 25. Bg4 Rd8 26. Rd1 Bc8 27. Bxc8
Rxc8 28. Qe3 bxc3 29. bxc3 Qxc3 30. Qxe4 Qb2 31. Rhd3 Qc2 32. Qb7 Rc6 33. Qb8+
Kh7 34. Rxd6 Be5 35. g3 Qxd1+ 0-1